The prabhakaran saga: (Record no. 157799)

MARC details
000 -LEADER
fixed length control field 00657nam a22001937a 4500
005 - DATE AND TIME OF LATEST TRANSACTION
control field 20181001153354.0
010 ## - LCCN (DPL NO)
LC control number ENG-124152
020 ## - INTERNATIONAL STANDARD BOOK NUMBER
International Standard Book Number 9788132107019
Terms of availability 425.00
035 ## - SYSTEM CONTROL NUMBER
System control number EN-107684
037 ## - SOURCE OF ACQUISITION
Source of stock number/acquisition DBAD/PUB
082 00 - DEWEY DECIMAL CLASSIFICATION NUMBER
Classification number 954.93032
100 ## - MAIN ENTRY--PERSONAL NAME
Personal name Murari, S.
245 10 - TITLE STATEMENT
Title The prabhakaran saga:
Statement of responsibility, etc by S. Murari
Remainder of title the rise and fall of an eelam warrior /
260 ## - PUBLICATION, DISTRIBUTION, ETC. (IMPRINT)
Place of publication, distribution, etc New Delhi
Name of publisher, distributor, etc SAGE Publications,
Date of publication, distribution, etc 2012
270 ## - ADDRESS
Address B1/I-1 Mohan Cooperative Industrial Area, Mathura Road
City New Delhi
Postal code 110044
300 ## - PHYSICAL DESCRIPTION
Extent xxv,363p.
Dimensions 22cm.(pbk)
500 ## - GENERAL NOTE
General note It includes Epilogue, index and about the author
942 ## - ADDED ENTRY ELEMENTS (KOHA)
Source of classification or shelving scheme Dewey Decimal Classification
Item type English Books
Classification part 954.93022
Call number suffix MUR
Holdings
Withdrawn status Lost status Not for loan Collection code Home library Current library Date acquired Source of acquisition Cost, normal purchase price Full call number Barcode Copy number Cost, replacement price Koha item type
    Not For Loan Non-fiction D.B.Act.Division Sarojini Nagar 01/10/2018 DBAD/PUB 425.00 954.93022 MUR EN-107684 1 425.00 English Books

© Delhi Public Library
Hit Counter
free hit counter